| 000 | 00448nam a22001697a 4500 | ||
|---|---|---|---|
| 003 | OSt | ||
| 005 | 20120302144650.0 | ||
| 008 | 090330t xxu||||| |||| 00| 0 eng d | ||
| 035 | _a२०५३ | ||
| 040 | _cमराठी | ||
| 100 |
_aबोरकर , वि. ज. _92726 |
||
| 245 | _aअनाहत | ||
| 250 | _a१ ली | ||
| 260 |
_aमुंबई _bमौज _c१९७० |
||
| 300 | _b९४ पाने | ||
| 942 |
_2ddc _cBOOK |
||
| 999 |
_c487887 _d487884 |
||